000 01668cam a22001934a 4500
005 20250605164029.0
008 250528s ||||||||||||||||||||||||d
035 _a16538
020 _a9604054694
040 _aGR-AtMCL
_bgre
_dGR-AtMCL
_eAACR2
245 1 _aΣηματοδότησεις ΙΙΙ / Εισαγωγή στην Ιστορία της Τέχνης από τα τέλη του 19ου Αιώνα ως Σήμερα
260 _bΊων,
_c1994
300 _a248
520 _aΣε γενικές Γραμμές τα κυριότερα κινήματα στο δυτικό χώρο. Μια σκιαγραφική παρουσίαση ορισμένων από τους καλλιτέχνες που σηματοδότησαν την πορεία της εικαστικής έκφρασης από τα τέλη του 19ου αιώνα ως σήμερα. Εισαγωγή, Οι πηγές του 20ου αιώνα, Στο κατώφλι της Μοντέρνας Τέχνης, Η Ορμή της Προωτοπορίας, Οι αρχές του 20ου αιώνα, Η Απελευθέρωση της Παραφοράς, Η Αμφισβήτηση της Αντικειμενικής Τάξης, Ως το Β' Παγκόσμιο Πόλεμο, Η Μεταπολεμική Περίοδος, Η Πολυπλοκότητα της Αίσθησης, Ενεργητική Σχέση Έργου και Θεατή, Ο 20ος Αιώνας Δύει, Ο Πλουραλισμός του '70, Το Σήμερα ένα Παράθυρο για το Αύριο.
700 1 _aΒορνινγκ Αγγελικη
_92636
942 _cBK
999 _c2031
_d2031